00815nam a22002177a 450000500170000001000150001702000260003202000220005803500130008003700130009308200150010610000270012124500870014826000460023527000650028130000260034650000510037294200290042399900170045295201280046920150410150221.0 aENG-112391 a9780199450466c895.00 a199450463c895.00 aEN-95923 bDBAD/PUB a954.035092 aSyeda Saiyidain Hameed aMaulana Azad, Islam and the Indian National Movement / cby Syeda Saiyidain Hameed aNew Delhi bOxford University Pressc2014 aYMCA Library Building, 1 Jai Singh Road, bNew Delhie110001 axxxii,292p.c23cm(Hb) aIncludes bibliographical references and index  2ddccENmSYEh954.035092 c92277d92277 001040718NFICaDBADbDBADd2015-03-16eDBAD/PUBg895.00l0o954.035092 SYEpEN-95923r2015-03-16 00:00:00t1v895.00yEN